Представление документа в формате RUSMARC

ПолеНазваниеЗначение
  Тип записи a
  Библиографический уровень c
001 Контрольный номер RU/IS/BASE/558622495
005 Дата корректировки 20201206205103.4
010 Индекс ISBN __
a ISBN 978-5-699-94220-6 (в пер.)
d Цена 357-47
100 Данные общей обработки __
a Данные общей обработки 19170913d2017||||||| 0rusy0189 ca
101 Язык документа 0_
a Язык текста rus
102 Страна публикации __
a Страна публикации RU|
105 Кодированные данные (монография) __
a Кодированные данные (монография) |||||||||00zy
200 Заглавие и сведения об ответственности 1_
a Заглавие Свои и чужие
f Первые сведения об ответственности Мария Метлицкая
b Общее обозначение материала Текст
210 Выходные данные __
a Место издания Москва
c Издательство Э
d Дата издания 2017
215 Физическое описание __
a Объем 409, [2] с.
d Формат 22 см
225 Серия __
a Серия Негромкие люди Марии Метлицкой. Рассказы разных лет
300 Общие примечания __
a Общие примечания 11000 экз.
327 Примечание о содержании __
a Примечание о содержании Кровь не вода
327 Примечание о содержании __
a Примечание о содержании А жизнь была совсем хорошая...
327 Примечание о содержании __
a Примечание о содержании Фотограф
327 Примечание о содержании __
a Примечание о содержании Вечный запах флоксов
327 Примечание о содержании __
a Примечание о содержании Дочь
327 Примечание о содержании __
a Примечание о содержании Милые люди
327 Примечание о содержании __
a Примечание о содержании Соленое Черное море
327 Примечание о содержании __
a Примечание о содержании Прощай навсегда!
327 Примечание о содержании __
a Примечание о содержании Тяжелый крест
330 Аннотация __
a Аннотация Жизнь без близких людей невозможна. Даже если ты считаешь себя самостоятельным, самодостаточным и независимым человеком, все равно настанет момент, когда захочется поделиться, поплакаться, попросить совета. Да просто помолчать с тем, кто тебя понимает и принимает. Но как их найти - близких людей? И всегда ли те, кто близок по крови, близок по духу? Как разделить мир на своих и чужих? Есть ли идеальная формула? Мария Метлицкая не выводит этой формулы, у нее нет готовых рецептов и ответов на все вопросы. Она просто рассказывает истории - о тех, кто нашел родственную душу, о тех, кто еще в поиске, и о тех, кто по разным причинам обречен на одиночество.
333 Примечание о целевом назначении __
a Примечание о целевом назначении 16+. Для детей старше 16 лет
517 Другие варианты заглавия __
a Другие варианты заглавия Кровь не вода
517 Другие варианты заглавия __
a Другие варианты заглавия А жизнь была совсем хорошая...
517 Другие варианты заглавия __
a Другие варианты заглавия Фотограф
517 Другие варианты заглавия __
a Другие варианты заглавия Вечный запах флоксов
517 Другие варианты заглавия __
a Другие варианты заглавия Дочь
517 Другие варианты заглавия __
a Другие варианты заглавия Милые люди
517 Другие варианты заглавия __
a Другие варианты заглавия Соленое Черное море
517 Другие варианты заглавия __
a Другие варианты заглавия Прощай навсегда!
517 Другие варианты заглавия __
a Другие варианты заглавия Тяжелый крест
606 Тематические рубрики __
a Основная рубрика Художественная литература
606 Тематические рубрики __
a Основная рубрика Современная русская литература (произведения)
610 Ключевые слова __
a Ключевые слова женская проза
a Ключевые слова женские романы
a Ключевые слова современная проза
a Ключевые слова тема женского счастья
a Ключевые слова тема женской судьбы
a Ключевые слова тема женщины
a Ключевые слова тема личной жизни
a Ключевые слова тема семейной жизни
a Ключевые слова тема семейных отношений
a Ключевые слова тема семьи
a Ключевые слова тема судьбы
a Ключевые слова тема счастья
686 Индексы других классификаций __
2 Код системы rubbks
a Классификационный индекс 84(2=411.2)6-4
700 Автор _1
a Фамилия Метлицкая
b Имя М.
f Даты 1959-
g Полное личное имя Мария
4 Код отношения 070
801 Источник записи _0
a Страна RU
b Организация Муниципальное бюджетное учреждение культуры "Централизованная библиотечная система" г. Сургут (Центральная городская библиотека им. А. С. Пушкина)
c Дата составления 20170913
g Правила каталогизации RCR
801 Источник записи _1
a Страна RU
b Организация Муниципальное бюджетное учреждение культуры "Централизованная библиотечная система" г. Сургут (Центральная городская библиотека им. А. С. Пушкина)
c Дата составления 20170913
g Правила каталогизации RCR
852 Данные о местонахождении __
j Шифр хранения 84(2=411.2)6-4
i Авторский знак М 54
901 Тип документа __
t Тип документа x
a Ответственный ООФиК/Волкова
903 Характеристики (МАРС) __
a Дата передачи 20170913
969 Тип издания __
a Тип издания сборник
990 Данные о заказе (DOS) __
j Количество экземпляров (DOS) 6
t N записи в КСУ для И/У (DOS) 201709